Music Quiz

Random Music or Rock Quiz

3 Songs: Name the Artist Quiz Stats

Quiz Updated May 31, 2015

Challenge
Share
Tweet
Embed
Score 0/46 Timer 12:00
32 Plays Today
Song Titles Artist % Correct
Vogue, Material Girl, MusicMadonna
94%
I Want to Break Free, One Vision, Bohemian RhapsodyQueen
92.5%
Toxic, Crazy, Oops!... I Did It AgainBritney Spears
91.3%
Poker Face, Just Dance, AlejandroLady Gaga
88.7%
You Are Not Alone, Smooth Criminal, Rock with YouMichael Jackson
87.9%
Rolling in the Deep, Chasing Pavements, Rumour Has ItAdele
87%
Desperado, Hotel California, Tequila SunriseEagles
85.8%
Good Vibrations, Surfin' USA, KokomoThe Beach Boys
85.8%
Goodbye Yellow Brick Road, Your Song, Can You Feel the Love TonightElton John
85.3%
American Idiot, Longview, Boulevard of Broken DreamsGreen Day
84.7%
Don't Stop Believin', Wheel in the Sky, Any Way You Want ItJourney
84%
Hells Bells, Fire Your Guns, Back in BlackAC/DC
83%
Sympathy for the Devil, Paint it Black, Brown SugarRolling Stones
83%
Sunday Bloody Sunday, I Still Haven't Found What I'm Looking For, With or Without YouU2
80.6%
Californication, Give it Away, Suck my KissRed Hot Chili Peppers
80.2%
No Woman No Cry, Redemption Song, I Shot the SheriffBob Marley
79.5%
Comfortably Numb, Learning to Fly, Another Brick in the WallPink Floyd
79.4%
We Didn't Start the Fire, Piano Man, Captain JackBilly Joel
79.4%
Umbrella, Rude Boy, DisturbiaRihanna
79.3%
Born to Run, Glory Days, I'm on FireBruce Springsteen
77.1%
Wonderwall, Champagne Supernova, Don't Look Back in AngerOasis
76.6%
My Generation, Won't Get Fooled Again, Pinball WizardThe Who
76.2%
Kiss, Little Red Corvette, When Doves CryPrince
75.8%
Song Titles Artist % Correct
Without Me, Stan, My Name IsEminem
74.5%
It's Now or Never, Heartbreak Hotel, Don't be CruelElvis Presley
73.9%
Dream On, Sweet Emotion, Janie's Got a GunAerosmith
73.7%
Beth, Detroit Rock City, Rock and Roll All NiteKiss
71.4%
What's Love Got to Do with It, Simply the Best, Private DancerTina Turner
70.8%
The End, Light my Fire, Break on Through (To the Other Side)The Doors
69.6%
Jump, Hot for Teacher, PanamaVan Halen
69.4%
Viva Forever, Wannabe, Too MuchSpice Girls
67.3%
Say My Name, Survivor, Jumpin' JumpinDestiny's Child
66.3%
The Lazy Song, Grenade, Marry YouBruno Mars
64.6%
Golden Years, Let's Dance, China GirlDavid Bowie
62.4%
I'm Eighteen, School's Out, Under my WheelsAlice Cooper
61.5%
Paranoid Android, Fake Plastic Trees, CreepRadiohead
61.2%
Sultans of Swing, Money for Nothing, Walk of LifeDire Straits
60.5%
Dumb, Polly, Heart-Shaped BoxNirvana
59.5%
Black Dog, Dazed and Confused, Communication BreakdownLed Zeppelin
58.1%
Blitzkrieg Bop, Sheena is a Punk Rocker, I Wanna be SedatedRamones
57.9%
La Grange, Tush, LegsZZ Top
55.9%
God Save the Queen, Bodies, Pretty VacantSex Pistols
51.7%
Dr. Feelgood, Girls Girls Girls, White Trash CircusMötley Crüe
47.3%
White Flag, Thank You, Life for RentDido
43.2%
This Kiss, Breathe, The Way You Love MeFaith Hill
42.4%
Dirty Love, Ace of Spades, Fast and LooseMotörhead
38.9%

You're not logged in!

Compare scores with friends on all Sporcle quizzes.
Join for Free
OR
Log In

You Might Also Like...

Show Comments

Extras

Top Quizzes Today


Score Distribution

Your Account Isn't Verified!

In order to create a playlist on Sporcle, you need to verify the email address you used during registration. Go to your Sporcle Settings to finish the process.

Report this User

Report this user for behavior that violates our Community Guidelines.

Details: